000 01137nam2a22002171 4500
001 RU\NLR\A1SV\58042
005 20251203152403.2
035 _a(NLR Aleph) 009739998
090 _a13481428
_c13481428
100 _a20071222d1924 u y0rusy50 ca
101 0 _arus
200 1 _a... за 1923 г.
_e[с 19 февр. 1923 г. по 1 февр. 1924 г.]
210 _d1924
215 _a40 с., 1 л. табл.
461 1 _1001RU\NLR\A1SV\58041
_12000#$aОбзор деятельности Общества потребителей военно-учебных Л.В.О. "ОПВУЗ"$f[Сост.: Н.Болденков, Е.Собель и В.Майер]$v
_99940354
_aЛенинградский военный округ. Общество потребителей военно-учебных заведений
_cЛ.
_d1924
_f[Сост.: Н.Болденков, Е.Собель и В.Майер]
_tОбзор деятельности Общества потребителей военно-учебных ЛВО "ОПВУЗ"
801 0 _aRU
_bNLR
_c20071222
852 _aNLR
_j72-7/1069
942 _cBOOK
980 _aA1SV
980 _aNB